| 000 | 01086nam a22003614a 4500 | ||
|---|---|---|---|
| 001 | UByD003411 | ||
| 003 | AR-LpoUNG | ||
| 005 | 20260106152532.0 | ||
| 008 | 241202s2022||||ag 0|||0 spa d | ||
| 020 | _a9789878359533 | ||
| 040 |
_aAR-LpoUNG _bspa _cAR-LpoUNG _eaacr |
||
| 041 | 0 | _aspa | |
| 044 | _aag | ||
| 082 | 0 | _a982.062 689vie | |
| 100 | 1 | _aTorre, Juan Carlos | |
| 245 | 1 | 3 |
_aLa vieja guardia sindical y Perón : _bsobre los orígenes del peronismo |
| 250 | _a2da. ed. rev. | ||
| 260 |
_aSáenz Peña (Buenos Aires) : _bUniversidad Nacional de Tres de Febrero, _c2022. |
||
| 300 | _a226 p. | ||
| 650 | 4 | _aHISTORIA SOCIAL | |
| 650 | 4 | _aHISTORIA POLITICA | |
| 650 | 4 | _aMOVIMIENTOS OBREROS | |
| 650 | 4 | _aPOLITICA NACIONAL | |
| 650 | 4 | _aSINDICATOS | |
| 650 | 4 | _aPARTIDOS POLITICOS | |
| 650 | 4 | _aCRISIS POLITICA | |
| 650 | 4 | _aIDEOLOGIAS POLITICAS | |
| 650 | 4 | _aHISTORIA ARGENTINA | |
| 650 | 4 | _aPERONISMO | |
| 651 | 4 | _aARGENTINA | |
| 942 |
_cLIB _2ddc |
||
| 999 |
_c66087 _d66087 |
||